[Event "Katowice Silesia 100th Ann op"]
[Site "Katowice"]
[Date "2024.04.28"]
[Round "7"]
[White "Gondzik, Dawid"]
[Black "Hnydiuk, Aleksander"]
[Result "0-1"]
[WhiteElo "1989"]
[BlackElo "2350"]
[PlyCount "80"]
[EventDate "2024.04.27"]
[EventType "swiss (rapid)"]
[EventRounds "11"]
[EventCountry "POL"]
[SourceTitle "CB19_2024"]
[SourceDate "2024.05.08"]
[SourceVersion "1"]
[SourceVersionDate "2024.05.08"]
[SourceQuality "1"]

1. d4 Nf6 2. c4 c5 3. d5 b5 4. Nd2 bxc4 5. e4 c3 6. bxc3 g6 7. Ngf3 Bg7 8. Rb1 0-0 9. Bd3 e6 10. d6 Nc6 11. 0-0 Ng4 12. e5 Ngxe5 13. Nxe5 Nxe5 14. Be4 Ba6 15. Bxa8 Bxf1 16. Qxf1 Qxa8 17. f4 Ng4 18. h3 Ne3 19. Qf3 Nd5 20. c4 Nb4 21. Qxa8 Rxa8 22. Bb2 a5 23. Bxg7 Kxg7 24. Ne4 Rc8 25. a3 Nc2 26. Rb7 Rd8 27. Nxc5 Nxa3 28. Rxd7 Rxd7 29. Nxd7 Nxc4 30. Nc5 Nxd6 31. Kf2 Kf8 32. Ke3 Ke7 33. g4 Nb5 34. Kd3 Nc7 35. Kc4 Nd5 36. Nd3 a4 37. h4 h5 38. gxh5 gxh5 39. f5 Ne3+ 40. Kb4 Nxf5 0-1

[Event "Katowice Silesia 100th Ann op"]
[Site "Katowice"]
[Date "2024.04.27"]
[Round "4"]
[White "Heberla, Bartlomiej"]
[Black "Hnydiuk, Aleksander"]
[Result "1/2-1/2"]
[WhiteElo "2539"]
[BlackElo "2350"]
[PlyCount "109"]
[EventDate "2024.04.27"]
[EventType "swiss (rapid)"]
[EventRounds "11"]
[EventCountry "POL"]
[SourceTitle "CB19_2024"]
[SourceDate "2024.05.08"]
[SourceVersion "1"]
[SourceVersionDate "2024.05.08"]
[SourceQuality "1"]

1. Nf3 Nf6 2. c4 c5 3. Nc3 d5 4. cxd5 Nxd5 5. e3 e6 6. Qc2 Be7 7. b3 0-0 8. Bb2 Nc6 9. a3 b6 10. h4 Bf6 11. Bd3 h6 12. Bh7+ Kh8 13. Be4 Ba6 14. g4 Rc8 15. g5 Bxc3 16. dxc3 f5 17. gxh6 fxe4 18. hxg7+ Kxg7 19. c4+ Nd4 20. Nxd4 cxd4 21. Bxd4+ Nf6 22. Qxe4 Kf7 23. Qe5 Ke7 24. 0-0-0 Qc7 25. Qg5 Bxc4 26. Qg7+ Ke8 27. Qg6+ Qf7 28. Qxf7+ Rxf7 29. bxc4 Ne4 30. Rhg1 Rxc4+ 31. Kb1 Rxf2 32. Rg8+ Kf7 33. Rg7+ Kf8 34. Rg4 Nd2+ 35. Rxd2 Rxd2 36. Bg7+ Kf7 37. Rxc4 Kxg7 38. Rc7+ Kf6 39. Rxa7 Re2 40. h5 Kg5 41. Rb7 Rxe3 42. Kb2 Kxh5 43. Rxb6 Kg5 44. a4 e5 45. a5 Rf3 46. a6 Rf8 47. Kc3 Kf5 48. a7 Ra8 49. Ra6 Kf4 50. Kd3 e4+ 51. Kd4 e3 52. Rf6+ Kg5 53. Rf7 e2 54. Re7 Rxa7 55. Rxe2 1/2-1/2

[Event "Titled Tuesday intern op 19th Dec Early"]
[Site "Chess.com INT"]
[Date "2023.12.19"]
[Round "10"]
[White "Ezat, Mohamed Mahmoud"]
[Black "Hnydiuk, Aleksander"]
[Result "0-1"]
[WhiteElo "2371"]
[BlackElo "2350"]
[PlyCount "172"]
[EventDate "2023.12.19"]
[EventType "swiss (blitz)"]
[EventRounds "11"]
[EventCountry "USA"]
[SourceTitle "CB52_2023"]
[SourceDate "2023.12.27"]
[SourceVersion "1"]
[SourceVersionDate "2023.12.27"]
[SourceQuality "1"]

1. d4 Nf6 2. c4 g6 3. Nc3 Bg7 4. e4 d6 5. Be2 0-0 6. Bg5 h6 7. Be3 e5 8. d5 a5 9. Qd2 Kh7 10. h4 Na6 11. h5 g5 12. f3 Nc5 13. g4 c6 14. Nh3 cxd5 15. cxd5 Ne8 16. Nf2 Bd7 17. Kf1 Nc7 18. Nd3 Nxd3 19. Bxd3 b5 20. Bb6 b4 21. Ne2 Qb8 22. Be3 Qb7 23. Kg2 Rfc8 24. Rhc1 Nb5 25. Bxb5 Bxb5 26. Ng3 Bd7 27. Rxc8 Rxc8 28. Rc1 Bf6 29. Rxc8 Qxc8 30. Bb6 Bd8 31. Qe3 Qc2+ 32. Kh3 Bc7 33. b3 Kg7 34. Qg1 Kf6 35. Nf1 Ke7 36. Bxc7 Qxc7 37. Ne3 a4 38. Nc4 Bb5 39. Ne3 Bd7 40. Qe1 Qc3 41. Ng2 a3 42. Qxc3 bxc3 43. Ne1 Bb5 44. Kg3 Be2 45. Kf2 Bd1 46. Ke3 Kd7 47. Kd3 c2 48. Kd2 Kc7 49. Nxc2 Bxf3 50. Kd3 Bxg4 51. Ne3 Bxh5 52. Nc4 Bg6 53. Nxa3 h5 54. Nb5+ Kd7 55. Nc3 h4 56. Ke3 g4 57. a4 h3 58. Kf2 h2 59. Kg2 g3 60. a5 Bh5 61. a6 Bf3+ 62. Kxg3 h1Q 63. Kf2 Qg2+ 64. Ke3 Qc2 65. Na4 Qxb3+ 66. Kf2 Qxa4 67. Kg3 Qxa6 68. Kh4 Qc4 69. Kg5 Kc7 70. Kf6 Bxe4 71. Ke7 Bxd5 72. Ke8 e4 73. Ke7 e3 74. Kf8 e2 75. Ke7 e1Q+ 76. Kf8 Qee2 77. Kg7 Kb6 78. Kf8 Kc5 79. Kg7 f5 80. Kf8 f4 81. Kg7 f3 82. Kf8 f2 83. Kg7 f1Q 84. Kh6 Qh2+ 85. Kg5 Qhg2+ 86. Kh6 Qfh1# 0-1

[Event "Titled Tuesday intern op 14th Nov Early"]
[Site "Chess.com INT"]
[Date "2023.11.14"]
[Round "1"]
[White "Hnydiuk, Aleksander"]
[Black "Livaic, Leon"]
[Result "1-0"]
[WhiteElo "2350"]
[BlackElo "2553"]
[PlyCount "56"]
[EventDate "2023.11.14"]
[EventType "swiss (blitz)"]
[EventRounds "11"]
[EventCountry "USA"]
[SourceTitle "CB47_2023"]
[SourceDate "2023.11.22"]
[SourceVersion "1"]
[SourceVersionDate "2023.11.22"]
[SourceQuality "1"]

1. e4 e6 2. d4 d5 3. Nc3 Bb4 4. a3 Bxc3+ 5. bxc3 dxe4 6. Qg4 Nf6 7. Qxg7 Rg8 8. Qh6 c5 9. Ne2 cxd4 10. cxd4 Nc6 11. Bb2 Rg6 12. Qd2 Bd7 13. Nf4 Rg8 14. Be2 Ne7 15. c4 Ng6 16. 0-0 Nh4 17. Kh1 Ng4 18. h3 Qg5 19. Bxg4 f5 20. Bh5+ Kd8 21. g3 Nf3 22. Bxf3 exf3 23. d5 exd5 24. cxd5 Rg6 25. Ne6+ Bxe6 26. Qxg5+ Rxg5 27. Bf6+ Kd7 28. Bxg5 Bxd5 1-0

[Event "Titled Tuesday intern op 26th Sep Late"]
[Site "Chess.com INT"]
[Date "2023.09.26"]
[Round "7"]
[White "Haydon, David Leslie"]
[Black "Hnydiuk, Aleksander"]
[Result "1-0"]
[WhiteElo "2230"]
[BlackElo "2350"]
[PlyCount "39"]
[EventDate "2023.09.26"]
[EventType "swiss (blitz)"]
[EventRounds "11"]
[EventCountry "USA"]
[SourceTitle "EXT 2024"]
[Source "ChessBase"]
[SourceDate "2023.10.10"]
[SourceVersion "1"]
[SourceVersionDate "2023.10.10"]
[SourceQuality "1"]

1. d4 g6 2. Nc3 Bg7 3. e4 c6 4. f4 d5 5. e5 h5 6. Nf3 Nh6 7. Bd3 Bg4 8. 0-0 e6 9. Ne2 c5 10. dxc5 Qa5 11. Be3 Bf8 12. b4 Qxb4 13. Rb1 Qa3 14. Rxb7 Bxc5 15. Bb5+ Kf8 16. Bxc5+ Qxc5+ 17. Qd4 Qxd4+ 18. Nexd4 Nf5 19. Nxf5 Bxf5 20. Ng5 1-0

[Event "Titled Tuesday intern op 26th Sep Late"]
[Site "Chess.com INT"]
[Date "2023.09.26"]
[Round "1"]
[White "Hnydiuk, Aleksander"]
[Black "Wisniowski, Natalie"]
[Result "1-0"]
[WhiteElo "2350"]
[BlackElo "1896"]
[PlyCount "63"]
[EventDate "2023.09.26"]
[EventType "swiss (blitz)"]
[EventRounds "11"]
[EventCountry "USA"]
[SourceTitle "EXT 2024"]
[Source "ChessBase"]
[SourceDate "2023.10.10"]
[SourceVersion "1"]
[SourceVersionDate "2023.10.10"]
[SourceQuality "1"]

1. d4 Nf6 2. Nf3 d5 3. c4 e6 4. g3 Bb4+ 5. Bd2 Qe7 6. Bg2 0-0 7. 0-0 b6 8. Bg5 h6 9. Bxf6 Qxf6 10. Ne5 Bb7 11. cxd5 exd5 12. Qb3 Bd6 13. Bxd5 c6 14. Bf3 Bxe5 15. dxe5 Qxe5 16. Rd1 Na6 17. Na3 Nc5 18. Qc2 Rad8 19. Nc4 Qf6 20. Rxd8 Rxd8 21. Rd1 Rd4 22. b3 Qd8 23. Rxd4 Qxd4 24. Kg2 Ne6 25. Qf5 Ng5 26. Ne5 Nxf3 27. Qxf7+ Kh7 28. Qf5+ Kh8 29. Ng6+ Kg8 30. Ne7+ Kh8 31. Qf8+ Kh7 32. Qg8# 1-0

[Event "Titled Tuesday intern op 12th Sep Early"]
[Site "Chess.com INT"]
[Date "2023.09.12"]
[Round "1"]
[White "Anton Guijarro, David"]
[Black "Hnydiuk, Aleksander"]
[Result "1-0"]
[WhiteElo "2669"]
[BlackElo "2350"]
[PlyCount "229"]
[EventDate "2023.09.12"]
[EventType "swiss (blitz)"]
[EventRounds "11"]
[EventCountry "USA"]
[SourceTitle "EXT 2024"]
[Source "ChessBase"]
[SourceDate "2023.10.10"]
[SourceVersion "1"]
[SourceVersionDate "2023.10.10"]
[SourceQuality "1"]

1. Nf3 Nf6 2. b3 b6 3. Bb2 Bb7 4. g3 g6 5. Bg2 Bg7 6. 0-0 0-0 7. c4 d6 8. d4 Nbd7 9. Qc2 Be4 10. Qc1 Bb7 11. Rd1 Qe8 12. Nc3 e5 13. Nb5 e4 14. Ng5 Qd8 15. Nc3 Bh6 16. h4 Re8 17. Qc2 Qe7 18. d5 e3 19. f4 Ng4 20. Bf3 Nf2 21. Rf1 Bg7 22. Nb5 Nf8 23. Bxg7 Kxg7 24. Qb2+ Kg8 25. Nc3 f5 26. Kg2 h6 27. Nh3 Nxh3 28. Kxh3 g5 29. hxg5 hxg5 30. fxg5 Qxg5 31. Nb5 Re7 32. Kg2 Rg7 33. g4 Ng6 34. Qd4 Ne5 35. Rh1 Rf8 36. Raf1 a6 37. Nc3 fxg4 38. Be4 g3 39. Rxf8+ Kxf8 40. Nd1 Rf7 41. Bf3 Nxf3 42. exf3 e2 43. Nc3 Qf5 44. Qe4 Qxe4 45. Nxe4 Ke7 46. Re1 c6 47. dxc6 Bxc6 48. Rxe2 Kd7 49. Kxg3 b5 50. Rd2 Kc7 51. Nxd6 Rxf3+ 52. Kg4 Rf8 53. c5 Rg8+ 54. Kf4 b4 55. Rh2 Rf8+ 56. Ke5 Bd7 57. Kd5 Bc6+ 58. Kd4 Rf4+ 59. Ke5 Rf8 60. Rh7+ Kb8 61. Nc4 Bb5 62. Na5 Re8+ 63. Kd6 Rd8+ 64. Ke6 Rc8 65. Kd5 Rd8+ 66. Ke5 Re8+ 67. Kd4 Rd8+ 68. Ke3 Re8+ 69. Kf4 Rf8+ 70. Ke3 Re8+ 71. Kf3 Rf8+ 72. Kg3 Rc8 73. Rh5 Rg8+ 74. Kf4 Re8 75. c6 Kc7 76. Rh6 Rd8 77. Ke5 Re8+ 78. Kd4 Rg8 79. Rh7+ Kc8 80. Nc4 Bxc6 81. Kc5 Bb5 82. Nd6+ Kb8 83. Nxb5 Rg5+ 84. Kb6 Rxb5+ 85. Kxa6 Rd5 86. Rh4 Rd6+ 87. Ka5 Rd7 88. Kxb4 Rb7+ 89. Kc3 Rc7+ 90. Rc4 Rd7 91. a4 Kb7 92. b4 Rf7 93. b5 Rf3+ 94. Kb4 Rf1 95. Rh4 Rb1+ 96. Ka5 Rc1 97. Rh7+ Kb8 98. Ka6 Rc8 99. a5 Ka8 100. Kb6 Rb8+ 101. Kc6 Rc8+ 102. Rc7 Rd8 103. a6 Rh8 104. Rg7 Rh6+ 105. Kc5 Rh8 106. b6 Rh5+ 107. Kd4 Rh8 108. Ra7+ Kb8 109. Rd7 Rh4+ 110. Kc5 Rh5+ 111. Kc6 Rh6+ 112. Rd6 Rh8 113. Re6 Rc8+ 114. Kd7 Rg8 115. Re8+ 1-0

[Event "Titled Tuesday intern op 12th Sep Late"]
[Site "Chess.com INT"]
[Date "2023.09.12"]
[Round "2"]
[White "Zakhartsov, Vladimir"]
[Black "Hnydiuk, Aleksander"]
[Result "1-0"]
[WhiteElo "2526"]
[BlackElo "2350"]
[PlyCount "59"]
[EventDate "2023.09.12"]
[EventType "swiss (blitz)"]
[EventRounds "11"]
[EventCountry "USA"]
[SourceTitle "EXT 2024"]
[Source "ChessBase"]
[SourceDate "2023.10.10"]
[SourceVersion "1"]
[SourceVersionDate "2023.10.10"]
[SourceQuality "1"]

1. d4 Nf6 2. c4 e6 3. Nc3 Bb4 4. e3 0-0 5. Nf3 c5 6. Bd3 d5 7. 0-0 cxd4 8. exd4 dxc4 9. Bxc4 b6 10. Ne5 Bb7 11. Bg5 Be7 12. Re1 Nc6 13. Nxc6 Bxc6 14. Rc1 h6 15. Bh4 Bb7 16. Bd3 Rc8 17. Bb1 Qd7 18. Qd3 g6 19. Rcd1 Nd5 20. Bg3 Nxc3 21. bxc3 Qd5 22. f3 Qc4 23. Qd2 Bg5 24. Bf4 Bxf4 25. Qxf4 h5 26. Qh6 Rfe8 27. Bxg6 fxg6 28. Qxg6+ Kf8 29. Qf6+ Kg8 30. Re5 1-0

[Event "Titled Tuesday intern op 05th Sep Early"]
[Site "Chess.com INT"]
[Date "2023.09.05"]
[Round "4"]
[White "Hnydiuk, Aleksander"]
[Black "Khripachenko, Alexander"]
[Result "1-0"]
[WhiteElo "2350"]
[BlackElo "2259"]
[PlyCount "81"]
[EventDate "2023.09.05"]
[EventType "swiss (blitz)"]
[EventRounds "11"]
[EventCountry "USA"]
[SourceTitle "EXT 2024"]
[Source "ChessBase"]
[SourceDate "2023.10.10"]
[SourceVersion "1"]
[SourceVersionDate "2023.10.10"]
[SourceQuality "1"]

1. d4 d5 2. c4 e6 3. Nf3 Nf6 4. Nc3 Be7 5. Bg5 0-0 6. Qc2 h6 7. Bxf6 Bxf6 8. 0-0-0 Nc6 9. e4 dxc4 10. e5 Be7 11. Bxc4 b5 12. Bxb5 Nb4 13. Qe2 Rb8 14. Kb1 c5 15. dxc5 Qa5 16. a3 Bxc5 17. Nd4 Bxd4 18. Rxd4 Nc6 19. Ra4 Qc7 20. Rc4 Bb7 21. Rd1 Rfc8 22. Rd6 Qb6 23. Ba4 Ba8 24. Ka1 a6 25. Qd2 Kh8 26. b4 Rd8 27. Ne4 Rxd6 28. Nxd6 Nxe5 29. Rc5 f6 30. f4 Ng6 31. g3 a5 32. Rb5 Bd5 33. Rxb6 Rxb6 34. Nb5 axb4 35. axb4 Ne7 36. Kb2 Nc6 37. Qe3 Rb8 38. Qc5 Kg8 39. Ka3 Kf7 40. Nc3 Bf3 41. Bxc6 1-0

[Event "Titled Tuesday intern op 29th Aug Late"]
[Site "Chess.com INT"]
[Date "2023.08.29"]
[Round "1"]
[White "Jumabayev, Rinat"]
[Black "Hnydiuk, Aleksander"]
[Result "1-0"]
[WhiteElo "2589"]
[BlackElo "2345"]
[PlyCount "49"]
[EventDate "2023.08.29"]
[EventType "swiss (blitz)"]
[EventRounds "11"]
[EventCountry "USA"]
[SourceTitle "EXT 2024"]
[Source "ChessBase"]
[SourceDate "2023.10.10"]
[SourceVersion "1"]
[SourceVersionDate "2023.10.10"]
[SourceQuality "1"]

1. Nf3 Nf6 2. c4 e6 3. Nc3 Bb4 4. Qb3 c5 5. g3 0-0 6. Bg2 Nc6 7. a3 Ba5 8. 0-0 d5 9. d3 d4 10. Na4 Nd7 11. e3 e5 12. exd4 cxd4 13. Qc2 Bc7 14. b4 a5 15. b5 Ne7 16. c5 Nf6 17. Re1 Ng6 18. Nd2 Nd5 19. Nc4 Be6 20. b6 Bb8 21. Bd2 Qd7 22. Nxa5 Rc8 23. c6 Rxc6 24. Nxc6 bxc6 25. Nc5 1-0

[Event "Titled Tuesday intern op 22nd Aug Early"]
[Site "Chess.com INT"]
[Date "2023.08.22"]
[Round "4"]
[White "Hnydiuk, Aleksander"]
[Black "Cherniaiev, Tykhon"]
[Result "0-1"]
[WhiteElo "2345"]
[BlackElo "2278"]
[PlyCount "30"]
[EventDate "2023.08.22"]
[EventType "swiss (blitz)"]
[EventRounds "11"]
[EventCountry "USA"]
[SourceTitle "EXT 2024"]
[Source "ChessBase"]
[SourceDate "2023.10.10"]
[SourceVersion "1"]
[SourceVersionDate "2023.10.10"]
[SourceQuality "1"]

1. e4 e5 2. Nf3 Nc6 3. d4 exd4 4. Nxd4 Nf6 5. Nxc6 bxc6 6. Qe2 Qe7 7. Nc3 d6 8. Bg5 h6 9. Bh4 g5 10. Bg3 Bg7 11. 0-0-0 0-0 12. f3 Rb8 13. Qd2 d5 14. Bd3 Qb4 15. b3 Nxe4 0-1

[Event "Titled Tuesday intern op 22nd Aug Late"]
[Site "Chess.com INT"]
[Date "2023.08.22"]
[Round "1"]
[White "Hnydiuk, Aleksander"]
[Black "Vasquez Schroder, Rodrigo Rafael"]
[Result "0-1"]
[WhiteElo "2345"]
[BlackElo "2470"]
[PlyCount "58"]
[EventDate "2023.08.22"]
[EventType "swiss (blitz)"]
[EventRounds "11"]
[EventCountry "USA"]
[SourceTitle "EXT 2024"]
[Source "ChessBase"]
[SourceDate "2023.10.10"]
[SourceVersion "1"]
[SourceVersionDate "2023.10.10"]
[SourceQuality "1"]

1. e4 c5 2. Nf3 d6 3. d4 cxd4 4. Nxd4 Nf6 5. Nc3 a6 6. Be3 e6 7. a3 b5 8. g4 h6 9. f4 Bb7 10. Bg2 Nbd7 11. Qe2 Rc8 12. h4 Rxc3 13. bxc3 Nxe4 14. Bxe4 Bxe4 15. Rh3 Nc5 16. g5 hxg5 17. fxg5 Qc8 18. h5 e5 19. Rh4 exd4 20. Bxd4 d5 21. h6 Ne6 22. Rxe4 dxe4 23. Qxe4 Be7 24. hxg7 Rg8 25. Qh7 Kd7 26. 0-0-0 Kc7 27. Be5+ Kb6 28. Qe4 Qc6 29. Qe3+ Kb7 0-1

[Event "Ustron op-A"]
[Site "Ustron"]
[Date "2023.08.12"]
[Round "2"]
[White "Akbas, Umut Ata"]
[Black "Hnydiuk, Aleksander"]
[Result "1-0"]
[WhiteElo "2430"]
[BlackElo "2345"]
[PlyCount "65"]
[EventDate "2023.08.11"]
[EventType "swiss"]
[EventRounds "9"]
[EventCountry "POL"]
[SourceTitle "CBM 215 Extra"]
[Source "ChessBase"]
[SourceDate "2023.09.30"]
[SourceVersion "1"]
[SourceVersionDate "2023.09.30"]
[SourceQuality "1"]

1. Nf3 Nf6 2. c4 c5 3. Nc3 d5 4. cxd5 Nxd5 5. g3 Nc6 6. Bg2 Nc7 7. 0-0 e5 8. b3 Be7 9. Bb2 0-0 10. Rc1 f6 11. d3 Bg4 12. Na4 Ne6 13. h3 Bh5 14. Nh4 f5 15. Bxc6 bxc6 16. Nf3 e4 17. Ne5 Qd5 18. dxe4 fxe4 19. g4 Be8 20. e3 Bd6 21. Nc4 Bc7 22. Nc3 Qg5 23. Nxe4 Qh4 24. f4 Bg6 25. Ncd2 Rad8 26. Qf3 Rd3 27. Qe2 Qxh3 28. Rc3 Rxc3 29. Bxc3 Bxf4 30. exf4 Nxf4 31. Qf3 Bxe4 32. Nxe4 Qh4 33. Nf6+ 1-0

[Event "Titled Tuesday intern op 08th Aug Late"]
[Site "Chess.com INT"]
[Date "2023.08.08"]
[Round "9"]
[White "Hnydiuk, Aleksander"]
[Black "Aradhya, Garg"]
[Result "1-0"]
[WhiteElo "2345"]
[BlackElo "2395"]
[PlyCount "93"]
[EventDate "2023.08.08"]
[EventType "swiss (blitz)"]
[EventRounds "11"]
[EventCountry "USA"]
[SourceTitle "EXT 2024"]
[Source "ChessBase"]
[SourceDate "2023.10.10"]
[SourceVersion "1"]
[SourceVersionDate "2023.10.10"]
[SourceQuality "1"]

1. d4 d5 2. c4 e6 3. Nc3 Nf6 4. Bg5 Be7 5. Nf3 h6 6. Bxf6 Bxf6 7. e3 0-0 8. Qd2 c5 9. dxc5 dxc4 10. Bxc4 Qa5 11. Ne4 Qxd2+ 12. Nfxd2 Bxb2 13. Rb1 Be5 14. Ke2 Nd7 15. Rhc1 Bc7 16. f4 Rd8 17. Bd3 Kf8 18. Nc4 Ke7 19. g4 Nf6 20. Nxf6 gxf6 21. Be4 Rb8 22. Rc3 Rg8 23. Bf3 Bd7 24. Rcb3 Bc6 25. Bxc6 bxc6 26. Rb7 Kd7 27. Rd1+ Kc8 28. Rxa7 Rb7 29. Ra6 Rb4 30. Rd4 Kb7 31. Ra3 Rb5 32. Rd7 Rxg4 33. Nd6+ Kb8 34. Nxb5 cxb5 35. Rb3 Kc8 36. Rxf7 Rg2+ 37. Kf3 Rxa2 38. Rxb5 Rxh2 39. c6 f5 40. Rb7 Bd8 41. Ra7 Rb2 42. Ra8+ Rb8 43. Rxb8+ Kxb8 44. Ke2 Kc8 45. Rh7 Bb6 46. Rxh6 Kc7 47. Rxe6 1-0

[Event "Titled Tuesday intern op 08th Aug Late"]
[Site "Chess.com INT"]
[Date "2023.08.08"]
[Round "1"]
[White "Hnydiuk, Aleksander"]
[Black "Osiecki, Stanislaw"]
[Result "1-0"]
[WhiteElo "2345"]
[BlackElo "1996"]
[PlyCount "51"]
[EventDate "2023.08.08"]
[EventType "swiss (blitz)"]
[EventRounds "11"]
[EventCountry "USA"]
[SourceTitle "EXT 2024"]
[Source "ChessBase"]
[SourceDate "2023.10.10"]
[SourceVersion "1"]
[SourceVersionDate "2023.10.10"]
[SourceQuality "1"]

1. e4 e6 2. d4 d5 3. e5 c5 4. c3 Nc6 5. Nf3 Qb6 6. Bd3 cxd4 7. 0-0 dxc3 8. Nxc3 a6 9. Re1 Nge7 10. h4 h6 11. h5 Nb4 12. Bf1 Bd7 13. a3 Nbc6 14. b4 Rc8 15. Na4 Qc7 16. Bf4 Na7 17. Nc5 Bb5 18. Rc1 Nec6 19. Bd3 Bxd3 20. Qxd3 Bxc5 21. Rxc5 0-0 22. Qd2 f5 23. exf6 Qf7 24. fxg7 Qxf4 25. gxf8Q+ Qxf8 26. Rxe6 1-0

[Event "Titled Tuesday intern op 08th Aug Early"]
[Site "Chess.com INT"]
[Date "2023.08.08"]
[Round "4"]
[White "Hnydiuk, Aleksander"]
[Black "Vaz, Ethan"]
[Result "0-1"]
[WhiteElo "2345"]
[BlackElo "2306"]
[PlyCount "112"]
[EventDate "2023.08.08"]
[EventType "swiss (blitz)"]
[EventRounds "11"]
[EventCountry "USA"]
[SourceTitle "EXT 2024"]
[Source "ChessBase"]
[SourceDate "2023.10.10"]
[SourceVersion "1"]
[SourceVersionDate "2023.10.10"]
[SourceQuality "1"]

1. d4 Nf6 2. c4 e6 3. Nf3 d5 4. Nc3 c6 5. Bg5 Nbd7 6. e3 Be7 7. Qc2 0-0 8. Rd1 h6 9. Bh4 b6 10. Bd3 Bb7 11. 0-0 c5 12. cxd5 Nxd5 13. Bxe7 Qxe7 14. Nxd5 Bxd5 15. Bh7+ Kh8 16. Be4 Bxe4 17. Qxe4 Nf6 18. Qe5 Rac8 19. d5 Rfd8 20. dxe6 Qxe6 21. Qxe6 fxe6 22. Ne5 Kg8 23. f3 Rd5 24. Rxd5 exd5 25. Kf2 Kf8 26. g4 Ke7 27. h4 Kd6 28. Nd3 Rf8 29. Ke2 Nd7 30. Rd1 Re8 31. Kf2 a5 32. Nf4 Re5 33. Ng6 Re8 34. Nf4 a4 35. Nxd5 Kc6 36. Nc3 Ra8 37. Ne4 Ne5 38. Rd6+ Kb5 39. Nc3+ Ka5 40. Rd5 Nc4 41. b3 axb3 42. axb3 Kb4 43. bxc4 Kxc3 44. Rd6 Rb8 45. e4 Kxc4 46. e5 b5 47. f4 b4 48. e6 b3 49. e7 Re8 50. Re6 b2 51. Re1 Rxe7 52. Rxe7 b1Q 53. f5 Qb2+ 54. Kf3 Qf6 55. Re6 Qxh4 56. g5 Qxg5 0-1

[Event "Titled Tuesday intern op 08th Aug Early"]
[Site "Chess.com INT"]
[Date "2023.08.08"]
[Round "1"]
[White "Kovalev, Vladislav"]
[Black "Hnydiuk, Aleksander"]
[Result "1/2-1/2"]
[WhiteElo "2582"]
[BlackElo "2345"]
[PlyCount "117"]
[EventDate "2023.08.08"]
[EventType "swiss (blitz)"]
[EventRounds "11"]
[EventCountry "USA"]
[SourceTitle "EXT 2024"]
[Source "ChessBase"]
[SourceDate "2023.10.10"]
[SourceVersion "1"]
[SourceVersionDate "2023.10.10"]
[SourceQuality "1"]

1. e4 e5 2. Nf3 Nc6 3. Bb5 a6 4. Ba4 Nf6 5. 0-0 Be7 6. d3 b5 7. Bb3 0-0 8. Nc3 d6 9. a3 Be6 10. Nd5 h6 11. Bd2 Re8 12. a4 Rb8 13. axb5 axb5 14. Ra6 Qd7 15. Qe2 Bg4 16. c3 Nxd5 17. Bxd5 Nd8 18. h3 Be6 19. Rfa1 c6 20. Bxe6 Nxe6 21. Be3 Bf8 22. b4 Rb7 23. Qa2 g6 24. Ra7 Bg7 25. Rxb7 Qxb7 26. Qa7 Qxa7 27. Rxa7 Rc8 28. Nd2 f5 29. f3 h5 30. Nb3 Bf6 31. Ra6 Bg5 32. Bxg5 Nxg5 33. Na5 c5 34. Rxd6 cxb4 35. cxb4 Rc1+ 36. Kf2 Rc2+ 37. Kf1 Rc1+ 38. Ke2 Rc2+ 39. Kd1 Rxg2 40. Rxg6+ Kf7 41. exf5 Rg1+ 42. Ke2 Nxh3 43. Rxg1 Nxg1+ 44. Kf2 Nh3+ 45. Kg3 Nf4 46. d4 Ne2+ 47. Kh4 Nxd4 48. Kxh5 Nxf5 49. Kg5 Nd4 50. Kg4 Ke6 51. Nb7 Kd5 52. Na5 Nc2 53. Kf5 Nxb4 54. Nb3 Nc2 55. Nd2 Nd4+ 56. Kg4 b4 57. f4 exf4 58. Kxf4 b3 59. Nxb3 1/2-1/2

[Event "Titled Tuesday intern op 08th Aug Early"]
[Site "Chess.com INT"]
[Date "2023.08.08"]
[Round "2"]
[White "Sjugirov, Sanan"]
[Black "Hnydiuk, Aleksander"]
[Result "1-0"]
[WhiteElo "2705"]
[BlackElo "2345"]
[PlyCount "51"]
[EventDate "2023.08.08"]
[EventType "swiss (blitz)"]
[EventRounds "11"]
[EventCountry "USA"]
[SourceTitle "EXT 2024"]
[Source "ChessBase"]
[SourceDate "2023.10.10"]
[SourceVersion "1"]
[SourceVersionDate "2023.10.10"]
[SourceQuality "1"]

1. e4 e5 2. Nf3 Nc6 3. Bc4 Bc5 4. d3 Nf6 5. a4 0-0 6. 0-0 h6 7. a5 a6 8. c3 d5 9. exd5 Nxd5 10. Nbd2 Bf5 11. Re1 Re8 12. Ne4 Ba7 13. Qb3 Be6 14. Qxb7 Qd7 15. Qb3 f5 16. Ng3 Bf7 17. Nxf5 Rab8 18. Qa2 Rb5 19. Ng3 Rxa5 20. Qb1 Rxa1 21. Qxa1 Nf4 22. Bxf4 exf4 23. Rxe8+ Qxe8 24. Bxf7+ Qxf7 25. Ne4 Qd5 26. Qxa6 1-0

[Event "Titled Tuesday intern op 08th Aug Late"]
[Site "Chess.com INT"]
[Date "2023.08.08"]
[Round "3"]
[White "Tristan, Leonardo"]
[Black "Hnydiuk, Aleksander"]
[Result "1-0"]
[WhiteElo "2526"]
[BlackElo "2345"]
[PlyCount "89"]
[EventDate "2023.08.08"]
[EventType "swiss (blitz)"]
[EventRounds "11"]
[EventCountry "USA"]
[SourceTitle "EXT 2024"]
[Source "ChessBase"]
[SourceDate "2023.10.10"]
[SourceVersion "1"]
[SourceVersionDate "2023.10.10"]
[SourceQuality "1"]

1. d4 d5 2. Nf3 Nf6 3. Bf4 c6 4. e3 Bg4 5. c4 e6 6. Nc3 Nbd7 7. Qb3 Qb6 8. c5 Qxb3 9. axb3 Bxf3 10. gxf3 a6 11. b4 Rc8 12. h3 Be7 13. Ne2 0-0 14. Nc1 Bd8 15. Bd6 Re8 16. Nb3 e5 17. Kd2 exd4 18. Nxd4 Ne5 19. h4 Bc7 20. Bh3 Nc4+ 21. Kc3 Nxd6 22. cxd6 Bxd6 23. Bxc8 Rxc8 24. Nb3 Nd7 25. Na5 Rc7 26. Rac1 Ne5 27. f4 Ng4 28. Rc2 Nf6 29. Kb3 Ne4 30. Ka4 Re7 31. Nb3 Kf8 32. Rd1 Re6 33. Nc5 Nxc5+ 34. bxc5 Bc7 35. Rc3 Re7 36. Rd4 a5 37. b4 b5+ 38. cxb6 Bxb6 39. bxa5 Ra7 40. Rxc6 Bxa5 41. Kb5 Be1 42. Rc2 Rb7+ 43. Kc6 Rb3 44. Kxd5 g6 45. Ke4 1-0

[Event "Titled Tuesday intern op 18th Jul Late"]
[Site "Chess.com INT"]
[Date "2023.07.18"]
[Round "8"]
[White "Arabidze, Meri"]
[Black "Hnydiuk, Aleksander"]
[Result "1-0"]
[WhiteElo "2451"]
[BlackElo "2361"]
[PlyCount "59"]
[EventDate "2023.07.18"]
[EventType "swiss (blitz)"]
[EventRounds "11"]
[EventCountry "USA"]
[SourceTitle "EXT 2024"]
[Source "ChessBase"]
[SourceDate "2023.10.10"]
[SourceVersion "1"]
[SourceVersionDate "2023.10.10"]
[SourceQuality "1"]

1. b3 a5 2. a4 d5 3. Bb2 Bg4 4. Nf3 f6 5. d4 Nd7 6. Nbd2 e6 7. e4 Bd6 8. h3 Bh5 9. Bd3 Ne7 10. Qe2 0-0 11. g4 Bg6 12. h4 Bf4 13. h5 Bf7 14. 0-0-0 c6 15. Kb1 b5 16. axb5 a4 17. bxc6 Nxc6 18. exd5 exd5 19. Bb5 Qb6 20. bxa4 Rfb8 21. Nb3 Nf8 22. g5 fxg5 23. h6 Re8 24. Ne5 Nxe5 25. dxe5 Re7 26. hxg7 Ng6 27. e6 Rxe6 28. Rxh7 Kxh7 29. Qh5+ Kg8 30. Qh8+ 1-0